La historia de los árabes

שמור ב:
מידע ביבליוגרפי
מחבר ראשי: Hourani, Albert Habib
פורמט: ספר
שפה:אנגלית
יצא לאור: Barcelona Ediciones B S. A 2003
נושאים:
תגים: הוספת תג
אין תגיות, היה/י הראשונ/ה לתייג את הרשומה!

MARC

LEADER 00000nam a22000007a 4500
003 CL-VaPUC
005 20250108102937.0
008 200124b ||||| |||| 00| 0 eng d
999 |c 385449  |d 385447 
040 |c Pontificia Universidad Católica de Valparaíso 
082 |a 953 HOU 2003 
100 |a Hourani, Albert Habib  |9 623515 
245 |a La historia de los árabes 
260 |a Barcelona  |b Ediciones B S. A  |c 2003 
300 |a 671 p 
583 |c 20200124  |k Valeria Valenzuela 
650 0 0 |a HISTORIA DE LOS ARABES  |9 570053 
650 0 0 |a HISTORIA DE ARABIA  |9 445232 
650 0 0 |a Árabes  |9 316264 
650 0 0 |a Musulmanes  |9 332296 
650 0 0 |a Islamismo  |9 314084 
650 0 0 |a CIVILIZACION ARABE  |9 316265 
942 |2 ddc  |c BK 
952 |0 0  |1 0  |2 ddc  |4 0  |6 953_000000000000000_HOU_2003  |7 0  |8 DER_HDC  |9 508729  |a BIBDER  |b BIBDER  |d 2020-01-24  |i 5616557  |l 1  |o 953 HOU 2003  |p 5616557  |r 2023-01-25  |s 2020-04-30  |t 1  |w 2020-01-24  |x Ubicación 4to Piso  |y BK  |z Estos recursos deben solicitarse con anticipación  |k DER